000 00393pab a2200157 454500
008 180718b2013 xxu||||| |||| 00| 0 eng d
100 _aBacher, Gene
245 _aYou're expected to improve your organization's performance: Now what?
260 _c2013
300 _ap.64-67.
362 _aSpring
650 _aPerformance appraisal
773 _aManager
908 _aN
909 _a99509
999 _c99508
_d99508